[Event "Under 1200 knightworm78 Invitational #1"]
[Site "SchemingMind.com"]
[Date "2020.06.10"]
[Round "-"]
[White "Bacon"]
[Black "Chessibelle"]
[Result "0-1"]
[WhiteCountry "BER"]
[BlackCountry "ENG"]
[WhiteElo "1030"]
[WhiteRD "83"]
[BlackElo "1078"]
[BlackRD "51"]
[GameID "456377"]

1. e4 e5 2. Nf3 Nc6 3. Bc4 h6 4. O-O Nf6 5. b3 Be7 6. Ba3 d6 7. Nc3 O-O 8. d3 Nd4 9. Nxd4 exd4 10. Nb5 c5
11. Qe2 Bg4 12. f3 Bh5 13. g4 Bg6 14. Rae1 Qd7 15. h3 Nh7 16. e5 Rae8 17. Nxa7 b6 18. Bb5 Qxa7 19. Bc1 Qc7 20. Bxe8 Rxe8
21. f4 f6 22. exd6 Bxd6 23. Qf2 f5 24. Rxe8+ Bxe8 25. Re1 Bc6 26. gxf5 Nf6 27. Qg3 Qf7 28. Re6 Nh5 29. Rxd6 Nxg3 30. Rxc6 Qd5
31. Rxb6 Ne2+ 32. Kf2 Nxc1 33. Rb8+ Kf7 34. Rb5 Qxf5 35. a4 Qxf4+ 36. Ke1 Qe3+ 37. Kd1 Na2 38. Rxc5 Qg1+ 39. Kd2 Qf1 40. Rc4 Qc1+
41. Ke2 Qe3+ 42. Kf1 g5 43. Rc7+ Ke6 44. a5 Nb4 45. Rc8 Qxh3+ 46. Ke2 g4 47. Re8+ Kf7 48. Re4 Qf3+ 49. Kd2 Qf2+ 50. Kc1 Qxc2#
0-1

[Event "Under 1200 knightworm78 Invitational #1"]
[Site "SchemingMind.com"]
[Date "2020.06.11"]
[Round "-"]
[White "Chessibelle"]
[Black "Bacon"]
[Result "1-0"]
[WhiteCountry "ENG"]
[BlackCountry "BER"]
[WhiteElo "1078"]
[WhiteRD "51"]
[BlackElo "1030"]
[BlackRD "83"]
[GameID "456378"]

1. e4 d5 2. Nc3 Nf6 3. Nf3 Bg4 4. Be2 h5 5. O-O d4 6. Nb5 a6 7. Na3 b5 8. c3 d3 9. Qb3 dxe2 10. Re1 Nxe4
11. c4 bxc4 12. Qxc4 Bxf3 13. gxf3 Nd6 14. Qxe2 g6 15. Nc2 f6 16. Qd3 f5 17. Qc3 Rg8 18. b4 Nb5 19. Qc4 Nc3 20. Qxg8 Nd5
21. Qxg6+ Kd7 22. Qxf5+ Kc6 23. Nd4+ Kb7 24. Qc2 e5 25. Nb3 Nxb4 26. Qe4+ c6 27. Qxe5 Bd6 28. Qc3 Nd5 29. Qc4 h4 30. d3 h3
31. Bd2 Nd7 32. Reb1 N7b6 33. Na5+ Kc8 34. Qxc6+ Nc7 35. Rxb6 Rb8 36. Rxa6 Be5 37. Rc1 Qd6 38. Qe8+ Qd8 39. Qxe5 Rb5 40. Qxb5 Qd7
41. Qb7+ Kd8 42. Qb8+ Ke7 43. Re1+ Kf7 44. Qh8 Qxd3 45. Qf6+ Kg8 46. Qg5+ Kf8 47. Qf6+ Kg8 48. Qg5+ Kf8 49. Rf6#
1-0

[Event "Under 1200 knightworm78 Invitational #1"]
[Site "SchemingMind.com"]
[Date "2020.06.25"]
[Round "-"]
[White "Bacon"]
[Black "nammy"]
[Result "1-0"]
[WhiteCountry "BER"]
[BlackCountry "ENG"]
[WhiteElo "1011"]
[WhiteRD "74"]
[BlackElo "796"]
[BlackRD "72"]
[GameID "456990"]

1. e4 e5 2. Nf3 Nc6 3. Nc3 f6 4. Nd5 a6 5. Bc4 Na5 6. d3 c6 7. Nh4 Rb8 8. Be3 b5 9. Bb3 h6 10. Nc3 g5
11. Ng6 Rh7 12. Nxf8 Kxf8 13. Bxg8 Kxg8 14. b4 Nb7 15. d4 Qe8 16. O-O d6 17. d5 Nd8 18. dxc6 Nxc6 19. a3 Qg6 20. Nd5 Qxe4
21. h3 h5 22. Nxf6+ Kg7 23. Nxe4 g4 24. Nxd6 Kg8 25. Qd5+ Kf8 26. Qxc6 Be6 27. Qxa6 Kg8 28. Nxb5 Rg7 29. Qxe6+ Kh8 30. Qxe5 Rb7
31. Bh6 Kg8 32. Bxg7 Rd7 33. Qe8+ Kxg7 34. Qxd7+ Kg6 35. f4 Kf6 36. Nd6 Kg6 37. Qf5+ Kh6 38. Qg5+ Kh7 39. b5 Kh8 40. hxg4 hxg4
41. f5 Kh7 42. f6 Kh8 43. f7 Kh7 44. f8=Q g3 45. Qfg8#
1-0

[Event "Under 1200 knightworm78 Invitational #1"]
[Site "SchemingMind.com"]
[Date "2020.06.24"]
[Round "-"]
[White "nammy"]
[Black "Bacon"]
[Result "1-0"]
[WhiteCountry "ENG"]
[BlackCountry "BER"]
[WhiteElo "806"]
[WhiteRD "70"]
[BlackElo "988"]
[BlackRD "75"]
[GameID "456991"]

1. d4 d5 2. e3 Nc6 3. Nf3 Nf6 4. c3 Bg4 5. Qd2 Ne4 6. Qc2 Qd6 7. Nh4 g5 8. f3 Bf5 9. Nxf5 Qe6 10. Ng3 Nxg3
11. hxg3 f6 12. Na3 a6 13. Bd2 h6 14. O-O-O b5 15. Be2 a5 16. Nxb5 Na7 17. Nxc7+ Kd7 18. Nxe6 Kxe6 19. e4 Rd8 20. Qb3 Ra8
21. Qxd5#
1-0

[Event "Under 1200 knightworm78 Invitational #1"]
[Site "SchemingMind.com"]
[Date "2020.06.24"]
[Round "-"]
[White "nammy"]
[Black "Chessibelle"]
[Result "0-1"]
[WhiteCountry "ENG"]
[BlackCountry "ENG"]
[WhiteElo "801"]
[WhiteRD "76"]
[BlackElo "1090"]
[BlackRD "55"]
[GameID "456992"]

1. d4 d5 2. e3 g6 3. Bd3 e6 4. c3 Bd7 5. b4 Nf6 6. f3 Nc6 7. Ne2 Be7 8. Bd2 O-O 9. Na3 a6 10. Ng1 Bd6
11. g3 e5 12. Qe2 Na7 13. h3 c6 14. Nc2 b5 15. Na3 a5 16. Qg2 Qe7 17. Nc2 Bc7 18. Ne2 e4 19. fxe4 dxe4 20. Nf4 exd3
21. Nxd3 Bf5 22. e4 Bxe4 23. Qe2 Bxg3+ 24. Kd1 Qd6 25. Kc1 Rfe8 26. Rf1 Qc7 27. Rxf6 Bh4 28. Rf4 Bd5 29. Rxh4 Rxe2 30. Rg4 Qh2
31. Rb1 Bxa2 32. Rb2 Bd5 33. bxa5 Qxh3 34. Nf4 Bf3 35. Nxh3 Bxg4 36. Ng1 Rg2 37. Bf4 Rxg1+ 38. Kd2 Re8 39. Ne3 Bh3 40. c4 Re4
41. Bh2 Rh1 42. Bb8 Nc8 43. a6 Nb6 44. Bc7 Nc8 45. Ra2 Na7 46. Ra3 Rxd4+ 47. Kc3 Rd7 48. Bb6 Re1 49. Nc2 Red1 50. Ne3 R1d3+
51. Kb4 Rd2 52. Ra5 Rb2+ 53. Ka3 Rdd2 54. Bxa7 b4+ 55. Ka4 Ra2+ 56. Kxb4 Rab2+ 57. Kc5 Re2 58. Nd1 Rbd2 59. Nc3 g5 60. Kxc6 Re6+
61. Kc5 Rd3 62. Na2 Rf3 63. Rb5 Rfe3 64. Kb4 Rxa6 65. Bxe3 Rxa2 66. Rxg5+ Kf8 67. Bc5+ Ke8 68. Rg8+ Kd7 69. Rf8 f5 70. Rxf5 Bxf5
71. Bb6 Kc6 72. Bd4 h5 73. Bg7 Bd3 74. Kb3 Rf2 75. Kb4 h4 76. c5 Re2 77. Bf8 Re4+ 78. Ka5 Re8 79. Bd6 h3 80. Kb4 Re2
81. Kc3 Bf5 82. Be7 Rxe7 83. Kc4 h2 84. Kd4 h1=Q 85. Kc4 Qd5+ 86. Kb4 Rb7+ 87. Ka5 Qxc5+ 88. Ka6 Qb6#
0-1

[Event "Under 1200 knightworm78 Invitational #1"]
[Site "SchemingMind.com"]
[Date "2020.06.24"]
[Round "-"]
[White "Chessibelle"]
[Black "nammy"]
[Result "1-0"]
[WhiteCountry "ENG"]
[BlackCountry "ENG"]
[WhiteElo "1074"]
[WhiteRD "53"]
[BlackElo "796"]
[BlackRD "72"]
[GameID "456993"]

1. e4 e5 2. d3 d6 3. Nc3 Be6 4. Nf3 Nc6 5. Be2 Be7 6. O-O a6 7. Re1 Nf6 8. g3 Qb8 9. Be3 Nd7 10. a3 b6
11. b4 a5 12. h4 f6 13. Nh2 Na7 14. f4 Qb7 15. f5 Bf7 16. Bf3 c6 17. Ne2 Qc8 18. c4 O-O 19. d4 Qa6 20. Rc1 Qc8
21. Bf2 Nb8 22. d5 Nd7 23. Be3 Rb8 24. Bg4 Qd8 25. Bh3 Nc8 26. Rf1 Be8 27. Qe1 h6 28. Kh1 Na7 29. Rg1 Bf7 30. Ng4 Qc7
31. Qf2 Qb7 32. Qf3 Qa6 33. Nh2 b5 34. Nc3 Nb6 35. Ne2 Kh8 36. g4 Na4 37. Qg3 Nb6 38. g5 Rg8 39. Qf3 Be8 40. Qg4 Nxc4
41. Nf3 Nxe3 42. Qg3 Bd7 43. Qf2 Qb6 44. Qg3 Ra8 45. Rge1 Bc8 46. Rg1 Ba6 47. Qf2 Nc8 48. Rc3 axb4 49. Rb3 Bd8 50. Rxb4 Bc7
51. Kh2 Bd8 52. Rb3 Bb7 53. Qg3 c5 54. Qf2 Nc4 55. Ra1 Na5 56. Re3 b4 57. Rg1 c4 58. Nc1 Qb5 59. Qg3 Qc5 60. Ne1 bxa3
61. Na2 Na7 62. Nc2 Qb5 63. Qg4 Qb2 64. Nb4 a2 65. Ree1 Nb5 66. gxh6 Ra7 67. hxg7+ Kh7 68. Qg6#
1-0

[Event "Under 1200 knightworm78 Invitational #1"]
[Site "SchemingMind.com"]
[Date "2020.06.24"]
[Round "-"]
[White "Bacon"]
[Black "malcolm chugg"]
[Result "0-1"]
[WhiteCountry "BER"]
[BlackCountry "WLS"]
[WhiteElo "988"]
[WhiteRD "75"]
[BlackElo "1216"]
[BlackRD "50"]
[GameID "456995"]

1. e4 e5 2. Nf3 d6 3. Nc3 Nf6 4. Nb5 c6 5. Nc3 b6 6. d3 Qe7 7. d4 c5 8. d5 a6 9. Bg5 h6 10. Bxf6 Qxf6
11. Bc4 Bg4 12. h3 Bxf3 13. gxf3 Be7 14. b3 b5 15. Bxb5+ axb5 16. Nxb5 Bd8 17. c4 Na6 18. a4 O-O 19. Qd2 Kh8 20. O-O Qg5+
21. Qxg5 hxg5 22. Nxd6 Bf6 23. Rab1 g6 24. Rb2 Rad8 25. Nb7 Rc8 26. Nd6 Rc6 27. Nb5 Rb6 28. Na7 Ra8 29. a5 Rb7 30. Nb5 Rd7
31. Kh1 Nc7 32. Nc3 Rxa5 33. b4 cxb4 34. Rxb4 Ra3 35. Rb8+ Kg7 36. Nb5 Nxb5 37. Rxb5 Rxf3 38. Rb6 Bd8 39. Rb8 Be7 40. Rc8 Rxh3+
41. Kg2 Rh4 42. c5 Rxe4 43. c6 Rd8 44. Rc7 Bc5 45. Rd1 Re2 46. Kf1 Rxf2+ 47. Ke1 Rh8 48. d6 Rh1#
0-1

[Event "Under 1200 knightworm78 Invitational #1"]
[Site "SchemingMind.com"]
[Date "2020.06.24"]
[Round "-"]
[White "malcolm chugg"]
[Black "Bacon"]
[Result "1-0"]
[WhiteCountry "WLS"]
[BlackCountry "BER"]
[WhiteElo "1216"]
[WhiteRD "50"]
[BlackElo "988"]
[BlackRD "75"]
[GameID "456996"]

1. f4 Nc6 2. e3 e5 3. Nf3 d5 4. fxe5 Bg4 5. d4 Bb4+ 6. c3 Nh6 7. cxb4 Nxb4 8. Qb3 a5 9. Bd2 c6 10. Bxb4 axb4
11. Qxb4 b5 12. h3 Bxf3 13. gxf3 Ra4 14. Qc5 Qd7 15. Nc3 Nf5 16. Nxa4 Nxe3 17. Nb6 Qe6 18. Qc3 Nc4 19. Nxc4 O-O 20. Nd6 h6
21. Qxc6 Rd8 22. Kf2 Rb8 23. Bxb5 Kh7 24. Bd3+ f5 25. b3 Rb4 26. Qe8 Qxe8 27. Nxe8 Rxd4 28. Bxf5+ Kg8 29. Be6+ Kf8 30. Nc7 Ke7
31. Bg4 g5 32. h4 Rd2+ 33. Ke3 Rc2 34. Nxd5+ Kd8 35. Rhd1 Ke8 36. h5 Rc5 37. Rac1 Rxc1 38. Rxc1 Kf7 39. Rc7+ Ke8 40. Nf6+ Kf8
41. Nd5 Ke8 42. b4 Kd8 43. b5 Ke8 44. b6 Kd8 45. Rc8#
1-0

[Event "Under 1200 knightworm78 Invitational #1"]
[Site "SchemingMind.com"]
[Date "2020.06.24"]
[Round "-"]
[White "nammy"]
[Black "malcolm chugg"]
[Result "0-1"]
[WhiteCountry "ENG"]
[BlackCountry "WLS"]
[WhiteElo "796"]
[WhiteRD "72"]
[BlackElo "1213"]
[BlackRD "50"]
[GameID "456997"]

1. d4 d5 2. e3 Nc6 3. c3 e5 4. Nf3 Bg4 5. Qd3 Bxf3 6. gxf3 Qe7 7. Bd2 Nf6 8. Bg2 e4 9. Qc2 exf3 10. Bxf3 Qd6
11. h3 O-O-O 12. a3 Re8 13. Bg4+ Kb8 14. b4 h5 15. Bf3 a5 16. b5 Na7 17. Kf1 Ne4 18. Bc1 b6 19. Bg2 Qf6 20. f3 Ng3+
21. Kg1 Nxh1 22. Kxh1 Qh4 23. f4 Qe1+ 24. Kh2 Qxe3 25. Bxe3 Rxe3 26. Qd2 Re7 27. Bxd5 Rd7 28. Be4 Nxb5 29. Ra2 Nd6 30. Bd3 g6
31. Qc2 Bg7 32. Bf1 Re8 33. Nd2 Rde7 34. Nf3 Nf5 35. c4 Ne3 36. Qb1 Re4 37. Be2 Rxf4 38. Qb5 Rd8 39. c5 Bxd4 40. Qa6 Bxc5
41. Ng5 Rd7 42. Bb5 Re7 43. Bc6 Nf1+ 44. Kg2 Ne3+ 45. Kg3 Nf5+ 46. Kxf4 Bd6+ 47. Kf3 Nd4+ 48. Kg2 Nxc6 49. Rb2 Bf4 50. Nf3 Bc1
51. Rb3 Ne5 52. Nd4 Rd7 53. Rc3 Bb2 54. Nc6+ Nxc6 55. Rxc6 Bxa3 56. Kf3 Bc5 57. Kf4 Rd4+ 58. Kg5 Rd2 59. Kh6 Be3+ 60. Kg7 Rd7
61. Kf8 Rd6 62. Kxf7 Rxc6 63. Qb5 Kb7 64. Qe5 Bc5 65. Qe8 a4 66. Qd8 b5 67. Ke8 a3 68. Kd7 Rd6+ 69. Ke8 Rxd8+ 70. Kxd8 a2
71. Kd7 a1=Q 72. Ke6 Qa2+ 73. Kf6 Qg2 74. Ke6 Qxh3+ 75. Kd5 Qf5#
0-1

[Event "Under 1200 knightworm78 Invitational #1"]
[Site "SchemingMind.com"]
[Date "2020.06.25"]
[Round "-"]
[White "malcolm chugg"]
[Black "nammy"]
[Result "1-0"]
[WhiteCountry "WLS"]
[BlackCountry "ENG"]
[WhiteElo "1216"]
[WhiteRD "50"]
[BlackElo "806"]
[BlackRD "70"]
[GameID "456998"]

1. f4 d5 2. e3 e6 3. d4 Be7 4. Bb5+ c6 5. Bd3 Qd7 6. Qg4 g6 7. h4 Nf6 8. Qf3 a6 9. e4 b6 10. e5 Nh5
11. g4 Ng7 12. Be3 Bb7 13. Nd2 b5 14. O-O-O Qc7 15. Qh3 Nd7 16. Nb3 O-O-O 17. f5 gxf5 18. gxf5 a5 19. f6 Bxf6 20. exf6 Ne8
21. Bg5 a4 22. Nd2 Qa5 23. Be2 h6 24. Bf4 Nexf6 25. Kb1 Rhe8 26. Bxh6 Ng8 27. Bg5 f6 28. Bf4 Ne7 29. Qxe6 a3 30. Nb3 Qa7
31. Qg4 f5 32. Qf3 Nb6 33. Nd2 Ng6 34. Bg5 Rd7 35. Qh5 Rd6 36. Bd3 Rh8 37. Bxf5+ Kc7 38. Qg4 Nf8 39. Bf4 b4 40. Qg7+ Kb8
41. Qxh8 Qa5 42. Qxf8+ Ka7 43. Bxd6 Ka6 44. Bd3+ Ka7 45. Bxb4 Qxb4 46. Qxb4 axb2 47. Qa3+ Kb8 48. Ba6 Ba8 49. Qb3 Ka7 50. Be2 Nd7
51. Qa4+ Kb8 52. Rf1 Nb6 53. Qb4 Kc7 54. Rf6 Nd7 55. Qd6+ Kd8 56. Rf8#
1-0

[Event "Under 1200 knightworm78 Invitational #1"]
[Site "SchemingMind.com"]
[Date "2020.06.24"]
[Round "-"]
[White "malcolm chugg"]
[Black "Chessibelle"]
[Result "1-0"]
[WhiteCountry "WLS"]
[BlackCountry "ENG"]
[WhiteElo "1216"]
[WhiteRD "51"]
[BlackElo "1078"]
[BlackRD "51"]
[GameID "456999"]

1. f4 Nf6 2. f5 Nc6 3. Nc3 d5 4. d4 a6 5. a3 g6 6. fxg6 fxg6 7. Bg5 Bg7 8. Qd2 Bf5 9. e3 O-O 10. h3 Qd6
11. g4 h6 12. Bf4 Qe6 13. gxf5 Qxf5 14. Bxc7 h5 15. Nge2 Qf3 16. Rh2 Qf5 17. Ng3 Qd7 18. Be5 Nxe5 19. dxe5 Ne8 20. Qxd5+ Kh7
21. Qxd7 b5 22. e6 Rf6 23. Qb7
1-0

[Event "Under 1200 knightworm78 Invitational #1"]
[Site "SchemingMind.com"]
[Date "2020.06.24"]
[Round "-"]
[White "Chessibelle"]
[Black "malcolm chugg"]
[Result "0-1"]
[WhiteCountry "ENG"]
[BlackCountry "WLS"]
[WhiteElo "1078"]
[WhiteRD "51"]
[BlackElo "1216"]
[BlackRD "51"]
[GameID "457000"]

1. e4 e5 2. Nc3 Bb4 3. Nge2 Nf6 4. d3 Ng4 5. g3 c6 6. Bd2 Qf6 7. f4 d6 8. a3 Ba5 9. b4 Bb6 10. Qc1 Nf2
11. Rg1 Nxd3+ 12. cxd3 Bxg1 13. Nxg1 g5 14. Qc2 gxf4 15. Nf3 Bg4 16. Be2 Bxf3 17. Bxf3 Qe6 18. O-O-O Nd7 19. Re1 Qh3 20. Re2 Qf1+
21. Kb2 Qxf3 22. Kb3 c5 23. Nd5 O-O 24. Ne7+ Kh8 25. Re1 Qg2 26. Nf5 b6 27. Nh4 Qxh2 28. Nf3 Qxg3 29. Ng1 f3 30. Be3 Qxe1
31. Nxf3 Qxe3 32. Nd2 cxb4 33. Nc4 Nc5+ 34. Ka2 Qxd3
0-1

[Event "Under 1200 knightworm78 Invitational #1"]
[Site "SchemingMind.com"]
[Date "2020.06.25"]
[Round "-"]
[White "im_cincinnati_kid37"]
[Black "nammy"]
[Result "1-0"]
[WhiteCountry "USA"]
[BlackCountry "ENG"]
[WhiteElo "1135"]
[WhiteRD "68"]
[BlackElo "796"]
[BlackRD "72"]
[GameID "457010"]

1. e4 e5 2. Nf3 f6 3. d4 Nc6 4. c3 d6 5. Bb5 Ne7 6. Nbd2 Kf7 7. Bd3 g6 8. d5 Nb8 9. b3 a6 10. Bb2 Nd7
11. b4 h5 12. a3 Nb6 13. Qb3 Bh6 14. Be2 Bd7 15. Qc2 g5 16. O-O g4 17. Ne1 Ng6 18. Nd3 h4 19. g3 c6 20. dxc6 bxc6
21. Rad1 Qc7 22. Kg2 Be6 23. f3 Nc4 24. Nxc4 Qe7 25. Nd2 Bg5 26. f4 Bh6 27. f5 Bd7 28. fxg6+ Kxg6 29. Nf2 Rhg8 30. gxh4 f5
31. exf5+ Bxf5 32. Bd3 e4 33. Bxe4 Rgf8 34. Rfe1 Kf6 35. Bxf5 Qb7 36. Nc4 d5 37. Bxg4 dxc4 38. Re6+ Kg7 39. Qg6+ Kh8 40. Qxh6+ Kg8
41. Rg6+ Kf7 42. Rg7+ Ke8 43. Rxb7 a5 44. Qe6#
1-0

[Event "Under 1200 knightworm78 Invitational #1"]
[Site "SchemingMind.com"]
[Date "2020.06.25"]
[Round "-"]
[White "nammy"]
[Black "im_cincinnati_kid37"]
[Result "0-1"]
[WhiteCountry "ENG"]
[BlackCountry "USA"]
[WhiteElo "796"]
[WhiteRD "72"]
[BlackElo "1135"]
[BlackRD "68"]
[GameID "457011"]

1. d4 d5 2. Nc3 e6 3. e3 Bb4 4. Ne2 Nc6 5. g3 Nf6 6. Bg2 a6 7. O-O b5 8. a3 Bd6 9. b3 e5 10. f3 exd4
11. exd4 Be6 12. Bd2 Qd7 13. Qe1 O-O 14. a4 bxa4 15. bxa4 Bf5 16. h3 Bxc2 17. Ra2 Bd3 18. Nd1 Bf5 19. f4 Rfe8 20. Bf3 Bxh3
21. Rf2 Ng4 22. Nec3 Nf6 23. Ne2 Nxd4 24. Ndc3 Nxf3+ 25. Kh1 Nxe1 26. Bxe1 Qc6 27. Rf3 d4 28. Nxd4 Qb7 29. Nce2 Qb1 30. Raa3 Qxe1+
31. Kh2 Bg4 32. Rfc3 Bxe2 33. Ra2 Qf2+ 34. Kh3 Qxd4 35. Rf3 Bxf3 36. Kh4 Qg1 37. Kh3 Re2 38. Ra3 Bxa3 39. Kh4 h6 40. a5 Qh2#
0-1

[Event "Under 1200 knightworm78 Invitational #1"]
[Site "SchemingMind.com"]
[Date "2020.07.01"]
[Round "-"]
[White "im_cincinnati_kid37"]
[Black "Henk Miedema"]
[Result "1-0"]
[WhiteCountry "USA"]
[BlackCountry "NED"]
[WhiteElo "1135"]
[WhiteRD "68"]
[BlackElo "854"]
[BlackRD "63"]
[GameID "457052"]

1. e4 e5 2. Nf3 d6 3. d4 Nc6 4. d5 Nb4 5. h3 c5 6. dxc6 Nxc6 7. Bb5 Nf6 8. Bg5 h6 9. Bxf6 gxf6 10. c3 a6
11. Ba4 Bg7 12. O-O O-O 13. Nbd2 b5 14. Bb3 a5 15. a4 b4 16. cxb4 Nxb4 17. Rc1 Nd3 18. Rb1 Bd7 19. Bc2 Nf4 20. Nc4 Qc8
21. Qxd6 Be6 22. Nfd2 Bxc4 23. Nxc4 Re8 24. Ne3 Ne2+ 25. Kh2 Bf8 26. Qd2 Nf4 27. Bd1 Bb4 28. Qc2 Qxc2 29. Nxc2 Nh5 30. Bxh5 Rac8
31. Nxb4 axb4 32. b3 Kg7 33. Rfd1 Rc2 34. Rdc1 Rxf2 35. Bf3 Rd8 36. Rd1 Rdd2 37. Rxd2 Rxd2 38. Kg3 Kg6 39. Kh2 f5 40. a5 f4
41. Kg1 Ra2 42. Rc1 Rxa5 43. Be2 Ra2 44. Bc4 f6 45. Rf1 Kg5 46. Re1 f5 47. exf5 Kxf5 48. Re2 Ra1+ 49. Kf2 e4 50. Bd5 e3+
51. Kf3 Ke5 52. Bc4 h5 53. h4 Kd4 54. Kxf4 Rf1+ 55. Kg5 Ke4 56. Rxe3+ Kxe3 57. Bxf1 Kf2 58. Kxh5 Kg3 59. Bc4 Kxg2 60. Kg5 Kg3
61. h5
1-0

[Event "Under 1200 knightworm78 Invitational #1"]
[Site "SchemingMind.com"]
[Date "2020.07.01"]
[Round "-"]
[White "Bacon"]
[Black "Henk Miedema"]
[Result "1-0"]
[WhiteCountry "BER"]
[BlackCountry "NED"]
[WhiteElo "988"]
[WhiteRD "75"]
[BlackElo "898"]
[BlackRD "62"]
[GameID "457054"]

1. e4 e5 2. Nf3 d6 3. Bb5+ Bd7 4. Bc4 b5 5. Bd5 Nf6 6. Ng5 Be7 7. Nxf7 Qc8 8. Nxh8 Bg4 9. f3 Bh5 10. g4 Bg6
11. g5 Bh5 12. gxf6 Bxf6 13. O-O c6 14. Bg8 Ke7 15. Bxh7 Qxh8 16. Bf5 Bh4 17. d4 g6 18. Bg4 Bf6 19. h3 exd4 20. Bf4 d3
21. Qxd3 Bxb2 22. Qxd6+ Kf7 23. Qe6+ Kf8 24. Nc3 Bxa1 25. Rxa1 b4 26. Bd6+ Kg7 27. Bxb4 Kh6 28. Bxh5 Kxh5 29. Rd1 a5 30. Be7 Ra7
31. Bf6 Ra6 32. Bxh8 Ra7 33. e5 Rh7 34. Rd8 Na6 35. Rg8 Nc5 36. Qxg6+ Kh4 37. Qxh7#
1-0

[Event "Under 1200 knightworm78 Invitational #1"]
[Site "SchemingMind.com"]
[Date "2020.07.01"]
[Round "-"]
[White "Henk Miedema"]
[Black "Bacon"]
[Result "0-1"]
[WhiteCountry "NED"]
[BlackCountry "BER"]
[WhiteElo "898"]
[WhiteRD "62"]
[BlackElo "988"]
[BlackRD "75"]
[GameID "457055"]

1. e4 e5 2. d4 exd4 3. Qxd4 Nc6 4. Qd5 Nf6 5. Qc4 a6 6. Qc3 Nxe4 7. Qc4 Qe7 8. Qe2 d5 9. Qe3 Bg4 10. Qf4 h5
11. Be3 g5 12. Qxg5 Nxg5 13. Nc3 d4 14. Nd5 Qd8 15. Bxg5 Qxg5 16. Nxc7+ Ke7 17. h3 Bf5 18. Nd5+ Kd6 19. Nb6 Rb8 20. Nf3 Bxc2
21. Nxg5 f6 22. Nf7+ Kc7 23. Nd5+ Kd7 24. Nxh8 Bg7 25. Ng6 Rd8 26. Nb6+ Kc7 27. Nc4 b5 28. Nd2 Nb4 29. Nf4 d3 30. Ne6+ Kc8
31. Nxg7 a5 32. Nxh5 f5 33. a3 Nd5 34. g3 Re8+
0-1

[Event "Under 1200 knightworm78 Invitational #1"]
[Site "SchemingMind.com"]
[Date "2020.07.01"]
[Round "-"]
[White "nammy"]
[Black "Henk Miedema"]
[Result "0-1"]
[WhiteCountry "ENG"]
[BlackCountry "NED"]
[WhiteElo "806"]
[WhiteRD "70"]
[BlackElo "898"]
[BlackRD "62"]
[GameID "457056"]

1. d4 d5 2. c3 e6 3. e3 Be7 4. Bd3 Nf6 5. f3 b6 6. Bc2 Ba6 7. Qd2 Qd7 8. Nh3 O-O 9. Qf2 Bd6 10. g4 e5
11. a3 Nc6 12. Qd2 e4 13. f4 Qxg4 14. Nf2 Qf3 15. h3 Nh5 16. Rh2 Qg3 17. Rh1 Qg2 18. Rf1 Qxf1#
0-1

[Event "Under 1200 knightworm78 Invitational #1"]
[Site "SchemingMind.com"]
[Date "2020.07.01"]
[Round "-"]
[White "Henk Miedema"]
[Black "nammy"]
[Result "1-0"]
[WhiteCountry "NED"]
[BlackCountry "ENG"]
[WhiteElo "898"]
[WhiteRD "62"]
[BlackElo "806"]
[BlackRD "70"]
[GameID "457057"]

1. e4 e5 2. d4 f6 3. d5 c6 4. Nc3 a6 5. Bc4 d6 6. Nf3 Nd7 7. Be3 h6 8. dxc6 bxc6 9. Nh4 Ne7 10. O-O g5
11. Qxd6 gxh4 12. Rad1 Rb8 13. Ba7 Ra8 14. Qe6 Rxa7 15. Qf7#
1-0

[Event "Under 1200 knightworm78 Invitational #1"]
[Site "SchemingMind.com"]
[Date "2020.07.01"]
[Round "-"]
[White "malcolm chugg"]
[Black "Henk Miedema"]
[Result "1-0"]
[WhiteCountry "WLS"]
[BlackCountry "NED"]
[WhiteElo "1216"]
[WhiteRD "50"]
[BlackElo "898"]
[BlackRD "62"]
[GameID "457058"]

1. e3 e5 2. d3 d5 3. Nf3 Qd6 4. d4 e4 5. Ne5 c5 6. Bb5+ Ke7 7. c4 b6 8. cxd5 Qxd5 9. Qh5 f6 10. Ng6+ Kd6
11. Qxd5+ Kxd5 12. Nxh8 Bd7 13. Bxd7 Nxd7 14. Nf7 Ne7 15. Ne5 Nxe5 16. dxe5 Kxe5 17. O-O Nd5 18. Bd2 Bd6 19. Nc3 Nb4 20. Rfc1 Nd3
21. Rc2 c4 22. Ne2 b5 23. Bc3+ Kd5 24. a3 a5 25. Nd4 Ne5 26. Nxb5 Be7 27. Nc7+ Kc5 28. Nxa8 Ng4= 29. b4+ Kb5 30. Rb2 a4
31. Nc7+ Kb6 32. Nd5+ Kc6 33. Nxe7+ Kb5 34. Rd2 Nh6 35. Rd5+ Kb6 36. Bd4+ Kc7 37. Rc1 g5 38. Rxc4+
1-0

[Event "Under 1200 knightworm78 Invitational #1"]
[Site "SchemingMind.com"]
[Date "2020.07.01"]
[Round "-"]
[White "Henk Miedema"]
[Black "malcolm chugg"]
[Result "0-1"]
[WhiteCountry "NED"]
[BlackCountry "WLS"]
[WhiteElo "898"]
[WhiteRD "62"]
[BlackElo "1216"]
[BlackRD "50"]
[GameID "457059"]

1. e4 e6 2. d4 Nf6 3. Qf3 d5 4. e5 Ne4 5. Bd3 Ng5 6. Qg3 Ne4 7. Bxe4 dxe4 8. Qf4 Bb4+ 9. c3 Ba5 10. Qxe4 f5
11. Qd3 c5 12. Qb5+ Nc6 13. Qxc5 Bb6 14. Qc4 Na5 15. Qb5+ Bd7 16. Qe2 a6 17. Nd2 Rc8 18. b4 Nc6 19. a3 Ne7 20. Qh5+ Ng6
21. Qf3 Bc6 22. Nh3 O-O 23. Nc4 Bxf3 24. gxf3 Rxc4 25. Bd2 a5 26. O-O Qh4 27. Ng5 Re8 28. Rae1 f4 29. Nxe6 Rxe6 30. d5 Re8
31. e6 Qe7 32. Re4 Rc7 33. Rc1 Qf6 34. Rce1 Nh4 35. Bxf4 Rxc3 36. bxa5 Nxf3+ 37. Kg2 Ng5 38. R1e2 Nxe4 39. Rxe4 Rc2 40. d6 Rxe6
41. axb6 Rxe4 42. Bg3 Rg4 43. a4 Qh4 44. Kg1 Rd2 45. Kg2 Rxd6 46. Kf3 Rd3+ 47. Kg2 Qf6 48. a5 Qc6+ 49. Kh3 Qe4 50. f3 Qxf3
0-1

[Event "Under 1200 knightworm78 Invitational #1"]
[Site "SchemingMind.com"]
[Date "2020.07.01"]
[Round "-"]
[White "Chessibelle"]
[Black "Henk Miedema"]
[Result "1-0"]
[WhiteCountry "ENG"]
[BlackCountry "NED"]
[WhiteElo "1058"]
[WhiteRD "52"]
[BlackElo "898"]
[BlackRD "62"]
[GameID "457060"]

1. e4 e5 2. Nf3 d6 3. Be2 f6 4. O-O Bg4 5. Nc3 f5 6. Bd3 Be7 7. b3 Bxf3 8. Qxf3 f4 9. Nd5 Nh6 10. c4 Nc6
11. Qd1 O-O 12. Bc2 Bg5 13. f3 a6 14. Rf2 b5 15. Kf1 Rb8 16. g3 fxg3 17. hxg3 b4 18. Qe2 Nd4 19. Qd3 a5 20. Bd1 c5
21. Bc2 Rb7 22. Kg2 Rff7 23. Bd1 Rf8 24. Qf1 Rb8 25. Ne3 Nc6 26. Bc2 Bxe3 27. dxe3 Ne7 28. Qh1 Rf6 29. f4 Ng4 30. Rf1 Rh6
31. Qg1 Qe8 32. Kf3 Nf6 33. Bb2 Qh5+ 34. Kf2 Ng4+ 35. Ke2 Nh2+ 36. Kd3 Nxf1 37. Rxf1 Rf6 38. Bd1 Rff8 39. Bxh5 Nc6 40. Qh1 Na7
41. Qh4 h6 42. Qe7 Nc6 43. Qxd6 Na7 44. Qd5+ Kh8 45. Qxe5 Rf6 46. Qxb8+ Kh7 47. Qxa7 Rd6+= 48. Kc2 Re6 49. Qxg7#
1-0

[Event "Under 1200 knightworm78 Invitational #1"]
[Site "SchemingMind.com"]
[Date "2020.07.01"]
[Round "-"]
[White "Henk Miedema"]
[Black "Chessibelle"]
[Result "0-1"]
[WhiteCountry "NED"]
[BlackCountry "ENG"]
[WhiteElo "898"]
[WhiteRD "62"]
[BlackElo "1058"]
[BlackRD "52"]
[GameID "457061"]

1. e4 e5 2. d4 Bd6 3. c3 Nf6 4. Qd3 b6 5. Nf3 O-O 6. Bg5 Be7 7. Be2 Ba6 8. Qd2 d5 9. Bxf6 Bxf6 10. O-O Bb7
11. Na3 Nd7 12. Bb5 c6 13. Bd3 g6 14. Nc2 c5 15. b4 Kg7 16. Ne3 exd4 17. Nc2 Be7 18. a4 f6 19. cxd4 Bd6 20. Bb5 Qe7
21. Bxd7 Qxd7 22. Ne3 f5 23. b5 Bc7 24. g3 dxe4 25. d5 exf3 26. Qc3+ Kg8 27. Rad1 Bd6 28. Qc4 Qg7 29. Rd3 h5 30. Qa2 g5
31. Nd1 h4 32. Qd2 f4 33. Rxf3 Rae8 34. g4 Re5 35. a5 Bxd5 36. a6 Qd7 37. Rd3 Qxg4+ 38. Rg3 fxg3 39. Re1 Qf3 40. h3 Qg2#
0-1